000 01200nam a2200265 4500
005 20240530110951.0
008 221214s2022 ua ah f b 00| 0 ara d
017 _a2022/5018
_bمصر. دار الكتب
020 _a9789776809932
040 _aEG-CaGPL
_cEG-CaGPL
082 0 4 _221
_a726.8
_bق/أ ت
100 0 _aاحمد محمد عبدالعال
245 1 2 _aالتجديدات المعمارية والفنية لمقابر الافراد خلال العصور المتاخرة :
_bالعساسيف وابو صير : دراسة مقارنة /
_cتاليف احمد محمد عبدالعال ؛ مراجعة جلال احمد ابو بكر، صدقة موسى على
250 _aط 1
260 _aالقاهرة :
_bالمؤسسة الدولية للكناب،
_c2022.
300 _a363 ص. :
_bايض ؛
_c24 سم.
504 _aيشتمل على ارجاعات ببليوجرافية
650 0 7 _2qrmak
_aالمقابر
650 0 7 _2qrmak
_aالعمارة
653 0 _aالمقابر - فنون
700 0 _aجلال احمد ابو بكر
_eمراجع
700 0 _aصدقة موسى على
_eمراجع
942 _2ddc
_cBK
999 _c67006
_d67006